000 01477nam a2200361 i 4500
003 DO-SdBNP
005 20260130100508.0
007 ta
008 240902s2023 dr a 000 0 spa d
040 _aDO-SdBNP
_bspa
_cBNPHU
_erda
082 4 _bI62
_222
111 1 _aCentro de investigación para la acción femenina (CIPAF)
_982327
245 1 0 _aInvestigación participativa sobre estereotipos vividos por mujeres afrodescendientes que generan brechas de desigualdad /
_cdirección Syra Taveras Pineda
264 _aSanto Domingo :
_bCIPAF,
_c2023.
300 _a54 paginas :
_bilustraciones ;
_c28 cm.
336 _2rdacontent
_atexto
_btxt
337 _2rdamedia
_asin mediacion
_bn
338 _2rdacarrier
_avolumen
_bnc
490 _aMujeres Afrodescendientes
490 _aEn lucha por nuestros derechos
500 _aEn el marco del proyecto "Mujeres afrodescendientes organizadas que inciden en políticas públicas que promuevan el cumplimiento de sus derechos".
500 _aLibro en espiral
500 _aEl ejemplar No. 3 tiene un error de encuadernación.
504 _aBibliografía : p. 51-52.
590 _aInventariado, 2024/ YL
650 4 _aMujeres
_xActividad política
_97828
650 4 _aMujeres en la política
_zRepública Dominicana
_y1986-1990
_982328
650 0 _aSufragio
_96413
700 1 _aTaveras Pineda, Syra
_edirección
_922612
_4dir.
700 1 _aMora, Taiana
_eed.
_954401
910 _aYLockward
942 _2ddc
_cLBS1
999 _c57602
_d57602